Top 10 Richest people in the world - Statistics

General Stats
  • This quiz has been taken 104 times
  • The average score is 4 of 10
Answer Stats
Hint Answer % Correct
248.8B Elon Musk
96%
111.4B Bill Gates
74%
160.9B Jeff Bezos
73%
105.2B Mark Zuckerberg
61%
121.1B Warren Buffett
39%
208.5B Bernard Arnault
28%
114.6B Larry Page
19%
108.8B Sergey Brin
16%
152.3B Larry Ellison
14%
101.0B Steve Ballmer
9%
No matching quizzes found
Score Distribution
Percent of People with Each Score
Percentile by Number Answered
Your Score History
You have not taken this quiz